[Event "Nordnorsk mesterskap i Tromsø 2026"]
[Site "Sparebanken Nordnorge festsal"]
[Date "2026.05.22"]
[Round "1"]
[White "Mikkelsen, Sigve A."]
[Black "Ovesen, William"]
[Result "0-1"]
[WhiteElo "1699"]
[BlackElo "1868"]
[PlyCount "68"]
[EventDate "2026.??.??"]

1. e4 e6 2. d4 d5 3. Nd2 dxe4 4. Nxe4 Nd7 5. Nf3 Ngf6 6. Bd3 Be7 7. Nxf6+ Nxf6
8. O-O O-O 9. Bg5 b6 10. c3 Bb7 11. Re1 Rc8 12. Qe2 c5 13. Ba6 Qd5 14. Bxb7
Qxb7 15. Rad1 Rfd8 16. h3 c4 17. a3 a5 18. Ne5 b5 19. Ng4 Nd5 20. Bxe7 Qxe7 21.
g3 b4 22. axb4 axb4 23. Ne3 Qc7 24. Nxd5 exd5 25. cxb4 Rb8 26. Ra1 Qb6 27. Qe7
Qxd4 28. Ra7 Rf8 29. Re2 Qd1+ 30. Re1 Qd2 31. Re2 Qc1+ 32. Kg2 d4 33. Qe5 d3
34. Re1 d2 0-1

[Event "Nordnorsk mesterskap i Tromsø 2026"]
[Site "Sparebanken Nordnorge festsal"]
[Date "2026.05.22"]
[Round "1"]
[White "Sørensen, Olav N."]
[Black "Calore, Elias"]
[Result "1-0"]
[WhiteElo "1812"]
[BlackElo "1689"]
[PlyCount "91"]
[EventDate "2026.??.??"]

1. e4 b6 2. d4 Bb7 3. Bd3 e6 4. Nf3 Be7 5. O-O c5 6. Bf4 g5 7. Be5 Bf6 8. Bxf6
Qxf6 9. Na3 g4 10. Ne5 cxd4 11. Nxg4 Qg7 12. Nb5 Kf8 13. f4 f5 14. Nd6 fxg4 15.
Nxb7 Qe7 16. e5 Nh6 17. f5 exf5 18. Bxf5 Qxe5 19. Bxg4+ Kg7 20. Qe2 Nxg4 21.
Qxg4+ Kh6 22. Rf5 Rg8 23. Rxe5 Rxg4 24. Re8 Rg6 25. Rae1 a5 26. Rd8 Rc6 27. Re2
b5 28. Nxa5 Rxa5 29. Rxb8 Rxa2 30. Rxb5 Rf6 31. g4 Ra4 32. g5+ Kg7 33. gxf6+
Kxf6 34. Rb3 Rc4 35. Rf3+ Kg5 36. Rg2+ Kh4 37. Rf4+ Kh5 38. Rf7 h6 39. h3 Rc5
40. Rxd7 Rf5 41. Rxd4 Rf1+ 42. Kh2 Rh1+ 43. Kg3 Rxh3+ 44. Kf2 Rf3+ 45. Ke2 Rf5
46. Rd1 1-0

[Event "Nordnorsk mesterskap i Tromsø 2026"]
[Site "Sparebanken Nordnorge festsal"]
[Date "2026.05.22"]
[Round "1"]
[White "Næss, Kristine S."]
[Black "Wilhelmsen, Vegard"]
[Result "0-1"]
[WhiteElo "1676"]
[BlackElo "1806"]
[PlyCount "68"]
[EventDate "2026.??.??"]

1. e4 e6 2. d4 d5 3. exd5 exd5 4. Bf4 Bd6 5. Bxd6 Qxd6 6. c3 Nf6 7. Nf3 O-O 8.
Be2 Re8 9. O-O Bg4 10. Ne5 Bxe2 11. Qxe2 Nbd7 12. Qb5 Nxe5 13. dxe5 Qxe5 14.
Nd2 Qe2 15. Qxe2 Rxe2 16. Nf3 Rxb2 17. Rfb1 Rxb1+ 18. Rxb1 b6 19. g3 Re8 20.
Nd4 Ne4 21. Re1 Kf8 22. Nb5 Re7 23. f3 a6 24. Nxc7 Rxc7 25. fxe4 dxe4 26. Rxe4
Rxc3 27. a4 a5 28. g4 Rb3 29. Kf2 Rb2+ 30. Kg3 Rb4 31. Re3 Rxa4 32. Kf3 Rb4 33.
h3 a4 34. Ra3 Rb3+ 0-1

[Event "Nordnorsk mesterskap i Tromsø 2026"]
[Site "Sparebanken Nordnorge festsal"]
[Date "2026.05.22"]
[Round "1"]
[White "Bakke, Oskar P."]
[Black "Granmo, Gisle J."]
[Result "0-1"]
[WhiteElo "1761"]
[BlackElo "1664"]
[PlyCount "76"]
[EventDate "2026.??.??"]

1. b3 e5 2. Bb2 Nc6 3. e3 a6 4. d4 exd4 5. exd4 d5 6. Bd3 Nf6 7. h3 Be7 8. Nf3
O-O 9. O-O Re8 10. c4 g6 11. Ne5 Bf8 12. f4 Bg7 13. Qf3 Nb4 14. Nd2 Nxd3 15.
Qxd3 c6 16. g4 a5 17. f5 gxf5 18. gxf5 dxc4 19. Qg3 Nh5 20. Qg4 Rxe5 21. dxe5
Qxd2 22. Rad1 Qe3+ 23. Kh1 Bxf5 24. Qxh5 Be4+ 25. Kh2 Bg6 26. Qf3 Bxe5+ 27.
Bxe5 Qxe5+ 28. Kg1 Bh5 29. Qg2+ Kh8 30. Kh1 Rg8 31. Qf2 Bxd1 32. Rxd1 cxb3 33.
Re1 Qd5+ 34. Kh2 Qd6+ 35. Kh1 bxa2 36. h4 f6 37. h5 Qd5+ 38. Kh2 Qxh5+ 0-1

[Event "Nordnorsk mesterskap i Tromsø 2026"]
[Site "Sparebanken Nordnorge festsal"]
[Date "2026.05.22"]
[Round "1"]
[White "Nergard, Oscar J."]
[Black "Jakobsen, Øivind"]
[Result "1-0"]
[WhiteElo "1647"]
[BlackElo "1733"]
[PlyCount "101"]
[EventDate "2026.??.??"]

1. e4 c6 2. d4 d5 3. e5 Bf5 4. c4 Na6 5. Qb3 Qb6 6. Qxb6 axb6 7. Bd2 e6 8. a3
Nb4 9. Bxb4 Bxb4+ 10. Nc3 dxc4 11. Bxc4 Ne7 12. Rc1 Bxc3+ 13. Rxc3 b5 14. Be2
Nd5 15. Rg3 O-O 16. Bd3 Bxd3 17. Rxd3 b4 18. Ne2 bxa3 19. bxa3 Ra4 20. Kd2 Rfa8
21. Rb1 b5 22. Rbb3 Nb6 23. Rdc3 Nc4+ 24. Kd3 Rxa3 25. Rxa3 Rxa3 26. Rxa3 Nxa3
27. Kc3 Kf8 28. Kb4 Nc2+ 29. Kc5 Ke7 30. Kxc6 b4 31. Kc5 b3 32. Nc3 Ne1 33. Kc4
b2 34. Kb3 f6 35. Kxb2 Nd3+ 36. Kc2 Nxf2 37. h3 Nh1 38. Ne2 f5 39. Kd2 Nf2 40.
Nc3 g5 41. Ke3 Nh1 42. Kf3 h5 43. g3 h4 44. gxh4 gxh4 45. Ne2 Kf7 46. Kg2 Ng3
47. Nxg3 hxg3 48. Kxg3 Kg6 49. Kf4 Kh6 50. d5 exd5 51. Kxf5 1-0

[Event "Nordnorsk mesterskap i Tromsø 2026"]
[Site "Sparebanken Nordnorge festsal"]
[Date "2026.05.22"]
[Round "1"]
[White "Wilhelmsen, Jim L."]
[Black "Carstens, Ken M."]
[Result "1-0"]
[WhiteElo "1702"]
[BlackElo "1571"]
[PlyCount "103"]
[EventDate "2026.??.??"]

1. d4 Nf6 2. Bf4 Nh5 3. Bd2 d5 4. e4 g6 5. e5 Qd7 6. Be2 Ng7 7. Bh6 Nf5 8. Bxf8
Rxf8 9. c3 e6 10. Nd2 h5 11. Ngf3 Qe7 12. Qb3 b6 13. h3 c5 14. g4 c4 15. Qc2
hxg4 16. hxg4 Ng7 17. Nf1 f6 18. Qxg6+ Qf7 19. Qxf6 Qxf6 20. exf6 Rxf6 21. Rh8+
Rf8 22. Rxf8+ Kxf8 23. Ne5 Nd7 24. f4 Nf6 25. Ng3 Ke7 26. Kf2 Bb7 27. Rh1 Ne4+
28. Nxe4 dxe4 29. Rh7 Rg8 30. Bxc4 Bd5 31. Bxd5 exd5 32. Nc6+ Kf6 33. Rh6+ Kf7
34. Nb4 Ne6 35. g5 Nxf4 36. Rf6+ Ke7 37. Rxf4 Rxg5 38. Nc6+ Kd7 39. Nxa7 Kc7
40. Nb5+ Kc6 41. a4 Rg6 42. Na3 Rh6 43. Ke2 Rh2+ 44. Rf2 Rh6 45. Nc2 Kd6 46.
Ne3 Kc6 47. b4 Rd6 48. Rf5 Rh6 49. b5+ Kc7 50. Nxd5+ Kd6 51. Rf6+ Rxf6 52. Nxf6
1-0

[Event "Nordnorsk mesterskap i Tromsø 2026"]
[Site "Sparebanken Nordnorge festsal"]
[Date "2026.05.22"]
[Round "1"]
[White "Hansen, Ola"]
[Black "Olsen, Preben J."]
[Result "0-1"]
[WhiteElo "1667"]
[BlackElo "1769"]
[PlyCount "87"]
[EventDate "2026.??.??"]

1. Nf3 c6 2. g3 d5 3. d4 Nf6 4. Bg2 Bg4 5. b3 e6 6. O-O Nbd7 7. Nbd2 Be7 8. Bb2
Rc8 9. c4 O-O 10. h3 Bh5 11. g4 Bg6 12. Ne5 Nxe5 13. dxe5 Nd7 14. cxd5 cxd5 15.
e4 Nb6 16. Rc1 Qd7 17. Qe2 Rfd8 18. f4 Bxe4 19. Nxe4 dxe4 20. Rxc8 Rxc8 21. Rd1
Qe8 22. Bxe4 Rc7 23. Rc1 Qc8 24. Rxc7 Qxc7 25. Qc2 Qxc2 26. Bxc2 Nd5 27. Bc1
Bc5+ 28. Kh1 b6 29. Kg2 Be3 30. Ba3 Bxf4 31. Be4 Nc3 32. Kf3 Bxe5 33. Bb2 Bd4
34. Bxc3 Bxc3 35. a4 g6 36. Bd3 Kg7 37. Ke4 f5+ 38. gxf5 gxf5+ 39. Kf3 Kf6 40.
Bc4 e5 41. Bg8 h6 42. Bd5 e4+ 43. Ke2 Ke5 44. h4 0-1

[Event "Nordnorsk mesterskap i Tromsø 2026"]
[Site "Sparebanken Nordnorge festsal"]
[Date "2026.05.23"]
[Round "2"]
[White "Ovesen, William"]
[Black "Wilhelmsen, Jim L."]
[Result "1-0"]
[WhiteElo "1868"]
[BlackElo "1702"]
[PlyCount "63"]
[EventDate "2026.??.??"]

1. e4 e6 2. d4 d5 3. e5 c5 4. c3 Qb6 5. Nf3 Bd7 6. Bd3 Bb5 7. O-O Bxd3 8. Qxd3
Nd7 9. a4 cxd4 10. cxd4 a6 11. Na3 Ne7 12. Bd2 Nc6 13. Nc2 a5 14. Na3 h6 15.
Rfc1 Be7 16. Nb5 O-O 17. h4 Qd8 18. g3 Ndb8 19. Nh2 f5 20. exf6 Rxf6 21. Ng4
Rf5 22. Bxh6 Bxh4 23. gxh4 Qxh4 24. Qg3 Rh5 25. Qg2 Rxh6 26. Nxh6+ Qxh6 27. Re1
Na6 28. Qg4 Kf7 29. Nd6+ Kg8 30. Rxe6 Qd2 31. Nf5 g5 32. Qh5 1-0

[Event "Nordnorsk mesterskap i Tromsø 2026"]
[Site "Sparebanken Nordnorge festsal"]
[Date "2026.05.23"]
[Round "2"]
[White "Olsen, Preben J."]
[Black "Sørensen, Olav N."]
[Result "0-1"]
[WhiteElo "1769"]
[BlackElo "1812"]
[PlyCount "66"]
[EventDate "2026.??.??"]

1. e4 e6 2. d4 d5 3. e5 c5 4. c3 Nc6 5. Nf3 Qb6 6. a3 f6 7. b4 fxe5 8. dxe5 g6
9. Bf4 Nh6 10. Bd3 Bg7 11. O-O Ng4 12. Qe2 O-O 13. Bg3 c4 14. Bc2 d4 15. Qxc4
Ngxe5 16. Nxe5 Nxe5 17. Bxe5 Bxe5 18. cxd4 Bxd4 19. Nc3 Bd7 20. Rad1 Rf4 21.
Qd3 Raf8 22. Ne4 Bxf2+ 23. Rxf2 Rxf2 24. Nxf2 Qxf2+ 25. Kh1 Bc6 26. Rg1 Rf4 27.
Bb3 Kf7 28. b5 Be4 29. Qd7+ Kf8 30. Qd8+ Kg7 31. Qg5 Rf5 32. Qg4 Bd3 33. Bxe6
Qxg1+ 0-1

[Event "Nordnorsk mesterskap i Tromsø 2026"]
[Site "Sparebanken Nordnorge festsal"]
[Date "2026.05.23"]
[Round "2"]
[White "Wilhelmsen, Vegard"]
[Black "Nergard, Oscar J."]
[Result "0-1"]
[WhiteElo "1806"]
[BlackElo "1647"]
[PlyCount "90"]
[EventDate "2026.??.??"]

1. d4 Nf6 2. Bf4 e6 3. Nf3 b6 4. e3 Bb7 5. Nbd2 Be7 6. h3 d6 7. Bd3 c5 8. O-O
O-O 9. Re1 Re8 10. Bh2 Nbd7 11. c3 Nf8 12. a4 Qc8 13. Qe2 Ng6 14. Rec1 a6 15.
Nc4 Qd8 16. a5 b5 17. Nb6 Ra7 18. dxc5 dxc5 19. Rd1 Bxf3 20. Qxf3 Nh4 21. Qc6
Nd5 22. Bxh7+ Kxh7 23. e4 Bf8 24. exd5 Qg5 25. Bg3 Rd8 26. d6 Nf5 27. Qe4 Kg8
28. Rd3 Nxd6 29. Bxd6 Rxd6 30. Rxd6 Bxd6 31. Nc8 Rd7 32. Rd1 Bh2+ 33. Kxh2 Rxd1
34. f4 Qh4 35. Qf3 Qd8 36. Qa8 Kh7 37. Qe4+ Kh8 38. Qf3 Rd5 39. Nb6 Rd3 40.
Qh5+ Kg8 41. Qxc5 Qd6 42. Qg5 f6 43. Qg4 g5 44. Qe2 Qxf4+ 45. Kh1 Qd6 0-1

[Event "Nordnorsk mesterskap i Tromsø 2026"]
[Site "Sparebanken Nordnorge festsal"]
[Date "2026.04.23"]
[Round "2"]
[White "Melå, Ronny S."]
[Black "Bakke, Oskar P."]
[Result "1-0"]
[WhiteElo "1673"]
[BlackElo "1761"]
[PlyCount "55"]
[EventDate "2026.??.??"]

1. e4 e5 2. Nf3 Nc6 3. Bc4 Nf6 4. d3 Bc5 5. O-O d6 6. h3 a6 7. a4 Ba7 8. Nc3 h6
9. Re1 g5 10. Bxg5 Rg8 11. Be3 Bxh3 12. g3 Bg4 13. Bxa7 Rxa7 14. Kg2 Nd4 15.
Re3 Nh7 16. Qd2 Nxf3 17. Rxf3 Bxf3+ 18. Kxf3 Ng5+ 19. Ke2 c6 20. Qe3 Ra8 21.
Rh1 Qf6 22. f4 Ne6 23. fxe5 dxe5 24. Bxe6 Qxe6 25. Rxh6 Qg4+ 26. Kf2 Qg5 27.
Qxg5 Rxg5 28. Rh8+ 1-0

[Event "Nordnorsk mesterskap i Tromsø 2026"]
[Site "Sparebanken Nordnorge festsal"]
[Date "2026.05.23"]
[Round "2"]
[White "Jakobsen, Øivind"]
[Black "Næss, Kristine S."]
[Result "1-0"]
[WhiteElo "1733"]
[BlackElo "1676"]
[PlyCount "47"]
[EventDate "2026.??.??"]

1. Nf3 d6 2. d4 Nf6 3. Nc3 c6 4. e4 Qa5 5. Bd3 e5 6. O-O Bg4 7. dxe5 dxe5 8.
Bd2 Qc7 9. Qe2 Nbd7 10. h3 Bxf3 11. Qxf3 Be7 12. Ne2 Nc5 13. Rac1 b5 14. Ng3
Ne6 15. Be3 Nd7 16. Nf5 Bf6 17. b4 O-O 18. c4 bxc4 19. Bxc4 Ng5 20. Qg4 h5 21.
Qxh5 Nxe4 22. Bd5 Nd6 23. Rxc6 g6 24. Qxg6+ 1-0

[Event "Nordnorsk mesterskap i Tromsø 2026"]
[Site "Sparebanken Nordnorge festsal"]
[Date "2026.05.23"]
[Round "2"]
[White "Carstens, Ken M."]
[Black "Mikkelsen, Sigve A."]
[Result "1-0"]
[WhiteElo "1571"]
[BlackElo "1699"]
[PlyCount "113"]
[EventDate "2026.??.??"]

1. e4 e5 2. Nf3 Nc6 3. Bc4 Nf6 4. Nc3 Nxe4 5. Bxf7+ Kxf7 6. Nxe4 d5 7. Neg5+
Kg8 8. d3 h6 9. Nh3 Bg4 10. c3 Kh7 11. Nfg5+ hxg5 12. Qxg4 Qf6 13. Nxg5+ Kg8
14. Qe6+ Qxe6 15. Nxe6 Bd6 16. Ng5 b5 17. a3 a5 18. g3 Re8 19. O-O b4 20. Bd2
bxa3 21. bxa3 e4 22. Rfe1 Ne5 23. dxe4 dxe4 24. Kg2 Nf3 25. Nxf3 exf3+ 26. Kxf3
Rxe1 27. Rxe1 Rxh2 28. Re8+ Kf7 29. Ra8 Bxa3 30. Rxa5 Bd6 31. c4 Ke6 32. Ra6
Kd7 33. Be3 Rh5 34. g4 Re5 35. Ra1 Kc6 36. Bf4 Rc5 37. Rc1 Bxf4 38. Kxf4 g5+
39. Ke4 Kd6 40. Rd1+ Ke6 41. Kd4 Re5 42. Rd3 c5+ 43. Kc3 Re4 44. Re3 Ke5 45.
Kd3 Rxe3+ 46. Kxe3 Kf6 47. Ke4 Ke6 48. f4 gxf4 49. Kxf4 Kf6 50. Ke4 Kg5 51. Kd5
Kxg4 52. Kxc5 Kf5 53. Kc6 Ke6 54. c5 Ke7 55. Kc7 Ke8 56. c6 Ke7 57. Kb8 1-0

[Event "Nordnorsk mesterskap i Tromsø 2026"]
[Site "Sparebanken Nordnorge festsal"]
[Date "2026.05.23"]
[Round "3"]
[White "Sørensen, Olav N."]
[Black "Ovesen, William"]
[Result "0-1"]
[WhiteElo "1812"]
[BlackElo "1868"]
[PlyCount "74"]
[EventDate "2026.??.??"]

1. e4 e6 2. d4 d5 3. e5 c5 4. c3 Nc6 5. Nf3 Qb6 6. Bd3 cxd4 7. cxd4 Bd7 8. O-O
Nxd4 9. Nxd4 Qxd4 10. Nc3 Rc8 11. Nb5 Qxe5 12. Re1 Qb8 13. Qf3 Bd6 14. Qxd5
Bxh2+ 15. Kh1 Nf6 16. Qg5 Bc6 17. f4 Rd8 18. Bf1 Rd5 19. Qxg7 Ke7 20. Bc4 Rg8
21. Rxe6+ Kxe6 22. Nd4+ Ke7 23. Nf5+ Ke8 24. Bxd5 Rxg7 25. Bxc6+ bxc6 26. Nxg7+
Kf8 27. Kxh2 Kxg7 28. b3 Ng4+ 29. Kg3 h5 30. Bb2+ Kg6 31. Rd1 Kf5 32. Rd4 Qe8
33. Rc4 Qe3+ 34. Kh4 Qf2+ 35. Kxh5 Qg1 36. Rc3 Qh1+ 37. Rh3 Qxg2 0-1

[Event "Nordnorsk mesterskap i Tromsø 2026"]
[Site "Sparebanken Nordnorge festsal"]
[Date "2026.05.23"]
[Round "3"]
[White "Wilhelmsen, Vegard"]
[Black "Granmo, Gisle J."]
[Result "1/2-1/2"]
[WhiteElo "1806"]
[BlackElo "1664"]
[PlyCount "76"]
[EventDate "2026.??.??"]

1. d4 d5 2. Nf3 Nf6 3. Bf4 c5 4. e3 e6 5. Nbd2 Qb6 6. Rb1 cxd4 7. exd4 Nc6 8.
c3 Be7 9. Ne5 O-O 10. Bd3 a5 11. a4 Qd8 12. Qf3 Nd7 13. Qh3 f5 14. Ndf3 Ncxe5
15. Nxe5 Bg5 16. Qe3 Bxf4 17. Qxf4 Nxe5 18. Qxe5 b6 19. O-O Ra7 20. Rfe1 Qc7
21. Bb5 Qxe5 22. Rxe5 Rf6 23. Rbe1 Kf7 24. f3 Bd7 25. Bxd7 Rxd7 26. Kf2 f4 27.
g3 fxg3+ 28. hxg3 Rd6 29. g4 h6 30. Kg3 g5 31. Rf1 Rf4 32. Rh1 Kg6 33. Re2 Kg7
34. Rhe1 Kf7 35. Rh2 Kg7 36. Reh1 Rf6 37. Rc2 Rc6 38. Rhc1 Rf4 1/2-1/2

[Event "Nordnorsk mesterskap i Tromsø 2026"]
[Site "Sparebanken Nordnorge festsal"]
[Date "2026.05.23"]
[Round "3"]
[White "Wilhelmsen, Jim L."]
[Black "Olsen, Preben J."]
[Result "1/2-1/2"]
[WhiteElo "1702"]
[BlackElo "1769"]
[PlyCount "102"]
[EventDate "2026.??.??"]

1. d4 d5 2. Nf3 Nf6 3. Bf4 c5 4. e3 Nc6 5. Nbd2 cxd4 6. exd4 Bg4 7. c3 e6 8. h3
Bh5 9. Bd3 Bd6 10. Bxd6 Qxd6 11. Qa4 O-O 12. O-O Rac8 13. Rfe1 a6 14. a3 Rfe8
15. Ne5 Nd7 16. Nxd7 Qxd7 17. Qc2 Bg6 18. Bxg6 hxg6 19. Nf3 b5 20. Ne5 Qd6 21.
Qd3 Nxe5 22. Rxe5 Rc6 23. Rae1 Rb8 24. h4 f5 25. Qe3 Re8 26. Qg5 Kf7 27. h5
gxh5 28. Qxh5+ g6 29. Qh7+ Kf6 30. R1e3 Qf8 31. Rh3 Qg7 32. f4 Qxh7 33. Rxh7
Re7 34. Rxe7 Kxe7 35. g3 Rc4 36. Kf2 a5 37. Re2 Kd6 38. Ke1 b4 39. axb4 axb4
40. Kd2 bxc3+ 41. bxc3 Ra4 42. Kd3 Rc4 43. Rh2 Ke7 44. Rh7+ Kf6 45. Rb7 Rc8 46.
Rb6 Rh8 47. Ke3 Rc8 48. Kd3 Rc7 49. Rd6 Ke7 50. Rb6 Kf6 51. Rd6 Ke7 1/2-1/2

[Event "Nordnorsk mesterskap i Tromsø 2026"]
[Site "Sparebanken Nordnorge festsal"]
[Date "2026.05.23"]
[Round "3"]
[White "Calore, qElias"]
[Black "Bakke, Oskar P."]
[Result "0-1"]
[WhiteElo "1689"]
[BlackElo "1761"]
[PlyCount "35"]
[EventDate "2026.??.??"]

1. b3 e5 2. Bb2 Nc6 3. c4 Nf6 4. e3 d5 5. d4 Bb4+ 6. Nc3 exd4 7. exd4 O-O 8.
Qd3 dxc4 9. bxc4 Nxd4 10. O-O-O c5 11. Ne4 Nxe4 12. Qxe4 Bf5 13. Qf4 Qa5 14.
Rxd4 cxd4 15. Qxd4 f6 16. Nf3 Rad8 17. Qf4 Qa4 18. Bd3 0-1

[Event "Nordnorsk mesterskap i Tromsø 2026"]
[Site "Sparebanken Nordnorge festsal"]
[Date "2026.05.23"]
[Round "3"]
[White "Carstens, Ken M."]
[Black "Jakobsen, Øivind"]
[Result "1/2-1/2"]
[WhiteElo "1571"]
[BlackElo "1733"]
[PlyCount "100"]
[EventDate "2026.??.??"]

1. e4 e5 2. Nf3 Nc6 3. Bc4 Nf6 4. Nc3 Bc5 5. O-O d6 6. Bb5 O-O 7. Bxc6 bxc6 8.
h3 a5 9. d3 h6 10. Na4 Bb6 11. c4 Be6 12. Qe2 Rb8 13. b3 Qc8 14. Kh2 Nd7 15.
Be3 f5 16. Nxb6 cxb6 17. Nh4 Qe8 18. Nxf5 Bxf5 19. exf5 Rxf5 20. Qg4 Rf6 21.
Rae1 Qf7 22. f4 Rf8 23. g3 exf4 24. Rxf4 Ne5 25. Qe2 Qg6 26. d4 Rxf4 27. Bxf4
Nd3 28. Qe6+ Qxe6 29. Rxe6 Nxf4 30. gxf4 Rf6 31. d5 cxd5 32. cxd5 Kf7 33. f5 g5
34. Kg3 h5 35. h4 g4 36. Kf4 b5 37. Re4 Rh6 38. b4 Rh8 39. bxa5 Ra8 40. a4 Rxa5
41. axb5 Rxb5 42. Re6 Rxd5 43. Rh6 Rd4+ 44. Ke3 Rd1 45. Rxh5 Rf1 46. Rg5 Kf6
47. Rxg4 Kxf5 48. Rg5+ Kf6 49. Rd5 Ke6 50. Rg5 Rf5 1/2-1/2

[Event "Nordnorsk mesterskap i Tromsø 2026"]
[Site "Sparebanken Nordnorge festsal"]
[Date "2026.05.23"]
[Round "3"]
[White "Mikkelsen, Sigve A."]
[Black "Næss, Kristine S."]
[Result "0-1"]
[WhiteElo "1699"]
[BlackElo "1676"]
[PlyCount "56"]
[EventDate "2026.??.??"]

1. e4 d6 2. d4 Nf6 3. Nc3 c6 4. f4 Qa5 5. Bd3 e5 6. Nf3 Bg4 7. Be3 Nbd7 8. O-O
Be7 9. h3 Bxf3 10. Qxf3 O-O 11. a3 Rad8 12. b4 Qc7 13. Ne2 g6 14. c3 b5 15. f5
d5 16. Ng3 dxe4 17. Nxe4 exd4 18. Bxd4 Ne5 19. Qg3 Nxe4 20. Bxe4 Bd6 21. f6 Nd7
22. Qg5 Be5 23. Qh6 Nxf6 24. Rxf6 Rxd4 25. Rxc6 Qd7 26. Bf3 Rd3 27. Ra6 Bxc3
28. Rc1 Bd2 0-1

[Event "Nordnorsk mesterskap i Tromsø 2026"]
[Site "Sparebanken Nordnorge festsal"]
[Date "2026.05.23"]
[Round "3"]
[White "Nergard, Oscar J."]
[Black "Melå, Ronny S."]
[Result "1-0"]
[WhiteElo "1647"]
[BlackElo "1673"]
[PlyCount "89"]
[EventDate "2026.??.??"]

1. d4 d5 2. c4 c6 3. Nc3 e6 4. Nf3 Be7 5. Bf4 Nf6 6. e3 Nbd7 7. h3 O-O 8. Qc2
Re8 9. c5 b6 10. cxb6 axb6 11. Bd3 Ba6 12. O-O Bxd3 13. Qxd3 c5 14. Rfd1 c4 15.
Qc2 Bb4 16. Nb5 Rc8 17. Nd6 Bxd6 18. Bxd6 Ne4 19. Bb4 b5 20. a4 bxa4 21. Rxa4
Ng5 22. Nd2 f5 23. Ra7 Qb6 24. Qa4 Nb8 25. Ra5 Nc6 26. Rb5 Qa7 27. Qxa7 Nxa7
28. Rb7 Nc6 29. Bd6 Nf7 30. Bc5 Rb8 31. Rc7 Rec8 32. Rxc8+ Rxc8 33. b4 Rb8 34.
Rb1 Ncd8 35. b5 Nb7 36. b6 Nfd6 37. Nf3 Ne4 38. Rb5 c3 39. Ne1 Rc8 40. Nd3 c2
41. Rb2 c1=Q+ 42. Nxc1 Nexc5 43. Rc2 Kf7 44. Nd3 Rc6 45. Ne5+ 1-0

[Event "Nordnorsk mesterskap i Tromsø 2026"]
[Site "Sparebanken Nordnorge festsal"]
[Date "2026.05.24"]
[Round "4"]
[White "Ovesen, William"]
[Black "Nergard, Oscar J."]
[Result "0-1"]
[WhiteElo "1868"]
[BlackElo "1647"]
[PlyCount "89"]
[EventDate "2026.??.??"]

1. e4 e5 2. Nf3 Nc6 3. Bc4 Bc5 4. c3 Nf6 5. d4 exd4 6. cxd4 Bb4+ 7. Bd2 Nxe4 8.
Bxf7+ Kxf7 9. Qb3+ d5 10. Bxb4 Re8 11. O-O Kg8 12. Re1 Bg4 13. Ne5 Nxd4 14. Qd3
Ne2+ 15. Rxe2 Bxe2 16. Qxe2 Rxe5 17. f3 c5 18. Be1 Qe7 19. Qd3 Nf6 20. Bg3 Re3
21. Qd2 Re2 22. Qc1 Nh5 23. Bf2 Nf4 24. Nc3 d4 25. Qxf4 dxc3 26. Qc4+ Qe6 27.
Qxc3 b6 28. a4 Re8 29. Rd1 Qa2 30. h4 Qxb2 31. Qxb2 Rxb2 32. a5 h6 33. Rd7 Ree2
34. axb6 axb6 35. Rd8+ Kh7 36. Bxc5 Rxg2+ 37. Kf1 bxc5 38. h5 Rgd2 39. Re8 Rb1+
40. Re1 Rxe1+ 41. Kxe1 Rd8 42. f4 c4 43. f5 c3 44. f6 gxf6 45. Kf2 0-1

[Event "Nordnorsk mesterskap i Tromsø 2026"]
[Site "Sparebanken Nordnorge festsal"]
[Date "2026.05.24"]
[Round "4"]
[White "Granmo, Gisle J."]
[Black "Sørensen, Olav N."]
[Result "0-1"]
[WhiteElo "1664"]
[BlackElo "1812"]
[PlyCount "35"]
[EventDate "2026.??.??"]

1. e4 c6 2. d4 d5 3. exd5 cxd5 4. c4 Nf6 5. Nc3 Nc6 6. Nf3 Bg4 7. cxd5 Nxd5 8.
Qb3 Bxf3 9. gxf3 e6 10. Qxb7 Nxd4 11. Bb5+ Nxb5 12. Qc6+ Ke7 13. Qxb5 Nxc3 14.
Qb4+ Ke8 15. Qxc3 Rc8 16. Qd2 Qh4 17. a3 Bc5 18. Qd3 0-1

[Event "Nordnorsk mesterskap i Tromsø 2026"]
[Site "Sparebanken Nordnorge festsal"]
[Date "2026.05.24"]
[Round "4"]
[White "Melå, Ronny S."]
[Black "Wilhelmsen, Vegard"]
[Result "0-1"]
[WhiteElo "1673"]
[BlackElo "1806"]
[PlyCount "85"]
[EventDate "2026.??.??"]

1. d4 e6 2. c4 f5 3. g3 Nf6 4. Bg2 Be7 5. Nh3 O-O 6. O-O d6 7. b3 c6 8. Bb2 Qc7
9. Ng5 Ng4 10. Qd2 e5 11. dxe5 dxe5 12. Nf3 e4 13. Ne1 Bc5 14. e3 a5 15. h3 Rd8
16. Qe2 Ne5 17. Nc3 Be6 18. Rd1 Na6 19. Na4 Bb4 20. Bc3 Bxc3 21. Nxc3 Nb4 22.
Nc2 Nxc2 23. Qxc2 Nd3 24. Kh2 Bf7 25. Rd2 Bh5 26. Ne2 Bxe2 27. Rxe2 Rd6 28. f4
Rad8 29. Qc3 Qb6 30. Rd1 Qc5 31. Bf1 b6 32. Bg2 Qa3 33. h4 g6 34. Red2 Qc5 35.
Re2 h5 36. Bf1 R8d7 37. Bg2 Qb4 38. Qxb4 Nxb4 39. Rxd6 Rxd6 40. Kg1 Rd1+ 41.
Bf1 Nd3 42. Kg2 c5 43. Rc2 0-1

[Event "Nordnorsk mesterskap i Tromsø 2026"]
[Site "Sparebanken Nordnorge festsal"]
[Date "2026.04.24"]
[Round "4"]
[White "Bakke, Oskar P."]
[Black "Hansen, Ola"]
[Result "1/2-1/2"]
[WhiteElo "1761"]
[BlackElo "1667"]
[PlyCount "73"]
[EventDate "2026.??.??"]

1. e4 d6 2. d4 Nf6 3. Nc3 c6 4. h3 Qa5 5. Bd3 e5 6. Nf3 Be7 7. Bd2 Qc7 8. Qe2
b5 9. O-O O-O 10. Rac1 a6 11. Nd1 exd4 12. c3 dxc3 13. Bxc3 Nbd7 14. e5 Nd5 15.
Qe4 g6 16. Bd2 Nc5 17. Qd4 Nxd3 18. Qxd3 Be6 19. Bh6 Rfe8 20. Nc3 Nxc3 21. Qxc3
d5 22. Qxc6 Qxc6 23. Rxc6 Rec8 24. Nd4 Bc5 25. Rxc8+ Rxc8 26. Nxe6 fxe6 27. Rc1
Rc7 28. Be3 Bb6 29. Rxc7 Bxc7 30. f4 Kf7 31. Kf2 h5 32. Ke2 g5 33. Kf3 Kg6 34.
g4 gxf4 35. Kxf4 hxg4 36. hxg4 Bd8 37. Bc5 1/2-1/2

[Event "Nordnorsk mesterskap i Tromsø 2026"]
[Site "Sparebanken Nordnorge festsal"]
[Date "2026.05.24"]
[Round "4"]
[White "Jakobsen, Øivind"]
[Black "Wilhelmsen, Jim L."]
[Result "1-0"]
[WhiteElo "1733"]
[BlackElo "1702"]
[PlyCount "29"]
[EventDate "2026.??.??"]

1. e4 e6 2. d4 d5 3. Nc3 Be7 4. Bd3 c5 5. dxc5 Nf6 6. exd5 exd5 7. Be3 Nbd7 8.
Bb5 Qc7 9. Nge2 Bxc5 10. O-O Bxe3 11. fxe3 Ng4 12. Ng3 Nge5 13. Nxd5 Qa5 14.
Rf5 Qd8 15. Rxe5+ 1-0

[Event "Nordnorsk mesterskap i Tromsø 2026"]
[Site "Sparebanken Nordnorge festsal"]
[Date "2026.05.24"]
[Round "4"]
[White "Næss, Kristine S."]
[Black "Calore, Elias"]
[Result "0-1"]
[WhiteElo "1676"]
[BlackElo "1689"]
[PlyCount "59"]
[EventDate "2026.??.??"]

1. e4 b6 2. d4 Bb7 3. Nc3 e6 4. Bd3 d5 5. exd5 exd5 6. Nf3 Nf6 7. O-O Be7 8. h3
O-O 9. Bf4 c5 10. Re1 Nc6 11. dxc5 bxc5 12. Bb5 d4 13. Ne2 Bd6 14. Bxd6 Qxd6
15. c3 Rad8 16. cxd4 Nxd4 17. Nfxd4 cxd4 18. Qd3 Qd5 19. f3 Rd6 20. Rec1 Rfd8
21. Rc7 Rb6 22. Bc4 Qe5 23. Rxf7 Bd5 24. Bxd5 Nxd5 25. Rxa7 Rxb2 26. Nxd4 Qg3
27. Ne2 Qe5 28. Nd4 Rxg2+ 29. Kf1 Ne3+ 30. Ke1 0-1

[Event "Nordnorsk mesterskap i Tromsø 2026"]
[Site "Sparebanken Nordnorge festsal"]
[Date "2026.05.24"]
[Round "5"]
[White "Nergard, Oscar J."]
[Black "Sørensen, Olav N."]
[Result "0-1"]
[WhiteElo "1647"]
[BlackElo "1812"]
[PlyCount "66"]
[EventDate "2026.??.??"]

1. d4 Nf6 2. Nf3 d5 3. c4 e6 4. Nc3 c6 5. g3 Be7 6. Bg2 O-O 7. O-O Nbd7 8. Bf4
b6 9. Re1 Bb7 10. Qc2 dxc4 11. Ne5 Nd5 12. Nxd7 Qxd7 13. Bd2 Nb4 14. Qe4 f5 15.
Qb1 Qxd4 16. Rd1 Qf6 17. Nb5 Rfd8 18. Bc3 Qf7 19. Rxd8+ Rxd8 20. Nxa7 Nd5 21.
Bd4 Ra8 22. Bxd5 exd5 23. Bxb6 Qe6 24. Qe1 c5 25. Qa5 d4 26. Re1 Qd5 27. f3 d3
28. Qd2 Qd6 29. Qa5 f4 30. Kg2 g5 31. Qb5 Qd5 32. g4 dxe2 33. Rxe2 Qxf3+ 0-1